Nový mestský bod : Architektonické štúdie autobusovo-železničnej stanice - Prievidza

Salvato in:
Dettagli Bibliografici
Altri autori: Bátor, Jozef, 1981- (Compilatore), Holčeková, Mária, 1980- (Compilatore)
Natura: Libro
Lingua:slovacco
Pubblicazione: Bratislava : STU v Bratislave FA, 2013
Edizione:1.
Soggetti:
Tags: Aggiungi Tag
Nessun Tag, puoi essere il primo ad aggiungerne!!

MARC

LEADER 00000nam a22000003a 4500
001 stu263102
005 20230214141646.1
008 130226s2013------------------------slo-d
020 |a 978-80-970957-4-1 
040 |a STU  |b slo 
041 0 |a slo 
245 1 |a Nový mestský bod :  |b Architektonické štúdie autobusovo-železničnej stanice - Prievidza 
250 |a 1. 
260 |a Bratislava :  |b STU v Bratislave FA,  |c 2013 
300 |a 62 
650 7 |a architektonické štúdie  |2 stusub 
650 7 |a železničná stanica  |2 stusub 
650 7 |a Prievidza  |2 stusub 
700 1 |a Bátor, Jozef,  |d 1981-  |4 com  |u A8180  |9 50  |r Z1  |U FAD Fakulta architektúry  |T FA Ústav architektúry občianskych budov  |X 4810  |U A8180  |Y 399  |7 A000004810 
700 1 |a Holčeková, Mária,  |d 1980-  |4 com  |u A8180  |9 50  |U FAD Fakulta architektúry  |T FA Ústav architektúry občianskych budov  |X 5190  |U A8180  |Y 399  |7 A000005190 
996 |b 284AB01128  |c A*8451 Zb  |l AAKNAR  |s A  |a 24  |w stu263102_0001